| 000 | 00893nam a22002537a 4500 | ||
|---|---|---|---|
| 005 | 20170124105913.0 | ||
| 010 | _aA-708551 | ||
| 020 |
_c350.00 _a8170363640 |
||
| 035 | _aA-708551 | ||
| 037 | _bCen Lib/Ret | ||
| 040 |
_aDPL _bEN |
||
| 082 | _a305.56 | ||
| 100 |
_aGore, M. S. _91211 |
||
| 245 |
_aThe social context of an ideology : _cby M. S. Gore _bAmbedkar's political and social thought / |
||
| 260 |
_aNew Delhi _bSage Publications _c1993 |
||
| 270 |
_aM-32, Greater Kailash Market, Part I _bNew Delhi _e110048 |
||
| 300 |
_a361p. _c22cm(Hb) |
||
| 500 | _aIncludes index | ||
| 650 |
_aPolitical Science _91212 |
||
| 650 |
_aSocial thought-Political Science _91213 |
||
| 650 |
_aराजनीति विज्ञान _9442 |
||
| 650 |
_a सामाजिक सोचा-पॉलिटिकल साइंस _91214 |
||
| 942 |
_2ddc _cEN _h305.56 _mGOR |
||
| 999 |
_c122622 _d122622 |
||